Venezuela. ¿Sentencia del desastre? /
Guardado en:
| Autor principal: | |
|---|---|
| Formato: | Texto |
| Materias: | |
| Etiquetas: |
Agregar Etiqueta
Sin Etiquetas, Sea el primero en etiquetar este registro!
|
MARC
| LEADER | 00000 a a2200000 04500 | ||
|---|---|---|---|
| 001 | 10676 | ||
| 003 | |||
| 040 | |||
| 100 | |a Maingon, Thais | ||
| 245 | |a Venezuela. ¿Sentencia del desastre? / |c Thais Maingon | ||
| 650 | |a CONFLICTOS SOCIALES | ||
| 650 | |a CONFLICTOS POLITICOS | ||
| 650 | |a PROBLEMAS POLITICOS | ||
| 650 | |a DEMOCRACIA | ||
| 773 | |g número 179; páginas 15-24 | ||
| 999 | |c 37289 |d 37289 | ||
